| 000 | 00726nam a2200229 i 4500 | ||
|---|---|---|---|
| 001 | 18892 | ||
| 003 | ES-MaACL | ||
| 005 | 20250809050552.0 | ||
| 007 | t| | ||
| 008 | 020409s2001 sp ||||1| spa d | ||
| 020 | _a84-460-0992-7 | ||
| 080 | _a930.1 | ||
| 100 | 1 |
_aCampillo Meseguer, Antonio. _934173 |
|
| 245 | 1 | 0 |
_aVariaciones de la vida humana _b: una teoría de la historia / _cAntonio Campillo. |
| 260 |
_aMadrid : _bAkal, _c[2001] |
||
| 300 |
_a471 p. ; _c22 cm. |
||
| 490 | 1 | _aAkal universitaria. Serie interdisciplinar | |
| 650 | 4 |
_aHistoria- _xFilosofía. _913380 |
|
| 830 | 0 | 0 |
_aAkal universitaria. _pInterdisciplinar _9183236 |
| 852 |
_aES-MaACL _jL-25377 _bR.130789 |
||
| 999 |
_c18892 _d18892 |
||